000 01294cam a22003977a 4500
003 CHAP
005 20220901160030.0
008 040128d2003 it a rn 00110 eng d
010 _a88009
011 _a88981
020 _a9251049440
035 _a99530
040 _cCHAP
082 0 4 _a631.4
_bF3 v.79
110 2 _aFAO
245 1 0 _aOptimizing soil moisture for plant production :
_bthe significance of soil porosity
_c/by Francis Shaxson and Richard Barber
260 _aRome :
_bFAO,
_c2003.
300 _a107 p. :
_bilus. + 1 disco compacato 4 3/4 plgs.
490 0 _aFAO. Boletín de suelos
_v; 79
590 _aBATCH-UPD
_b10
_c20130110
590 _aBATCH-UPD
_b10
_c20130110
590 _aBATCH-UPD
_b10
_c20130410
590 _aBATCH-UPD
_b10
_c20130914
590 _aCONVERSION
_b10
_c20130109
650 1 4 _aDrenaje agrícola.
_934221
650 1 4 _aPorosidad.
_990937
650 1 4 _aSuelos
_xHumedad.
_9110391
700 0 _aBarber, Richard.
_910099
700 0 _aShaxson, Francis.
_9105566
830 0 _aFAO. Boletín de suelos
_v; 79
_939455
901 _aBK
905 _aAlejandra Carrasco M.
942 _cLIBRO
_2ddc
949 _a631.4 F3 v.79
_bBC
_cCD
_d33724002026009
_eFAO1
_fCD
_i99530
_sb
949 _a631.4 F3 v.79
_bBC
_cFAO
_d33724000911152
_eFAO1
_h104328
_i99530
_sb
999 _c88009
_d88009